Statistics for Words that End in "-upe"

Click here to take the quiz!

General Stats

  • This quiz has been taken 70 times
  • The average score is 3 of 7

Answer Stats

Answer% Correct
Dupe
89%
Coupe
57%
Troupe
41%
Cantaloupe
34%
Loupe
30%
Taupe
21%
Drupe
20%

Score Distribution

Percentile by Number Answered

Percent of People with Each Score

Your Score History

You have not taken this quiz